Environmental sociology : a social constructionist perspective
Αποθηκεύτηκε σε:
| Κύριος συγγραφέας: | |
|---|---|
| Μορφή: | Βιβλίο |
| Γλώσσα: | English |
| Δημοσίευση: |
London :
Routledge,
1995.
|
| Σειρά: | Environment and society
|
| Θέματα: | |
| Ετικέτες: |
Προσθήκη ετικέτας
Δεν υπάρχουν, Καταχωρήστε ετικέτα πρώτοι!
|
MARC
| LEADER | 00000cam a2200000 i 4500 | ||
|---|---|---|---|
| 001 | 1/51 | ||
| 008 | 000403s1995 enk| ||| |||| ||eng|| | ||
| 020 | |a 0415112540 | ||
| 035 | |l 10059519 | ||
| 040 | |a GR-MyUa |b gre |e AACR2 | ||
| 041 | 0 | |a eng | |
| 082 | 7 | |a 363.7 |2 (22) | |
| 100 | 1 | |a Hannigan, John A., |d 1948- | |
| 245 | 1 | 0 | |a Environmental sociology : |b a social constructionist perspective / |c John A. Hannigan. |
| 260 | |a London : |b Routledge, |c 1995. | ||
| 300 | |a xii, 236 σ. ; |c 23 εκ. | ||
| 490 | 1 | |a (Environment and society) | |
| 504 | |a Περιλαμβάνει βιβλιογραφικές παραπομπές και ευρετήριο. | ||
| 650 | 0 | |a Environmentalism |x Social aspects. | |
| 830 | 0 | |a Environment and society | |
| 852 | |a INST |b LESVOS |e 20000403 |h 363.7 HAN |p 005100020313 |q 005100020313 |t BK |y 0 | ||
| 901 | |a BIBL1-2000-1 | ||
| 922 | |a 1ΕΛΗ |b 200001 |c ΚΠΣ/ΤΓ |d LEADER | ||
| 950 | |a 118-1998-10-19 | ||
| 970 | |a ΜΟΥΣΤΑΚΑ |b ΠΗΝΕΛΟΠΗ |z 2000/04/07 | ||